| 000 | 00719nam a22002052 4500 | ||
|---|---|---|---|
| 001 | 0000012893 | ||
| 005 | 20151217152117.0 | ||
| 008 | 090330s xx 000 0 eng d | ||
| 040 |
_aKABU _cKABU |
||
| 245 | 1 | 2 |
_aA 2020 vision for food, agriculture, and the environment : _bthe vision, challenge, and recommended action. |
| 250 | _a1st ed. | ||
| 260 |
_aWashington, D. C. : _bIFPRI, _c1995. |
||
| 300 | _avi, 50 p. | ||
| 650 | 0 |
_aAgriculture and state _xForecasting. _@0000169880 |
|
| 650 | 0 |
_aFood supply _xForecasting. _@0000169881 |
|
| 650 | 0 |
_aAgriculture _xEnvironmental aspects _xForecasting. _@0000169882 |
|
| 852 | 1 | _9p500 KES | |
| 908 | _a090330 | ||
| 950 | _@1 | ||
| 999 |
_c8367 _d8367 |
||